00420 2200169 4500001002100000005001500021008004100036035001900077041000600096082000800102090001400110100002400124245003100148260002400179300002700203650002000230INLIS00000000000636320241224113257241224||||||||| | ||| |||| ||  0010-1224006363 a00 a658 a658 BAM k0 aBambang Tri Cahyono00aKasus Kasus Manajemen Umum aJakartabIPWIc1999 a396 hlm.: ilus , 24 cm 0aKasus Manajemen